000 01602cas a2200433K 4500
001 ocn755156033
003 TZ-ArACH
005 20150616123032.0
006 m o d
007 cr un||||a|a||
008 110930c19679999sg fr p o 0 0fre d
022 _a0035-4112
035 _a(OCoLC)755156033
040 _aOCLCE
_beng
_cTZ-ArACH
_dOCLCQ
_dOCLCF
_dOCLCO
041 _aFre
043 _af-sg---
049 _aTZAA
050 4 _aK21
_b.S4
245 0 0 _aRevue sénégalaise de droit, No. 36 2011
_hImprimé
260 _aDakar, Républic du Sénégal,
_bL'Interafricaine d'Edition.
300 _a218 p.
_c24 cm.
310 _aSemiannual
362 0 _a1.- année; août 1967-
500 _a"Revue de l'Association sénégalaise d'études et de recherches juridiques."
504 _aIncludes bibliographies.
520 _aIncludes section on legislation.
650 0 _aLaw
_zSenegal
_vPeriodicals.
_917209
650 7 _aDroit
_2fast
_917210
651 7 _aSénégal.
_2fast
_vPériodiques.
_917211
653 _aDonation
655 7 _aPeriodicals.
_2fast
_917214
710 2 _aAssociation sénégalaise d'études et de recherches juridiques.
_917213
776 1 _cOriginal
_w(DLC) 74359808
_w(OCoLC)1764251
856 4 0 _3Google
_uhttp://books.google.com/books?id=3aY3AQAAIAAJ
856 4 0 _3Google
_uhttp://books.google.com/books?id=f6U3AQAAIAAJ
856 4 0 _3Google
_uhttp://books.google.com/books?id=fqc3AQAAIAAJ
942 _2lcc
_cBOOK
999 _c3155
_d3155